000 00784cab a2200253 4500
001 ABS51751
008 090401t1994 xxu||||| |||| 00| 0 eng d
035 _a(Sirsi) u42825
041 _aeng
100 _aCullen, J.
245 _aBattle to save face on the homes front: the Crown Housing Trust
260 _c1994
350 _a0
490 _aInside Housing
_v25 November 1994, 10-11(2)
520 _aExamines the establishment of the Defence Housing Executive to manage the MoD`s housing stock which indicates the demise of the Crown Housing Trust.
650 _aCROWN HOUSING TRUST
650 _aDEFENCE ESTATE
650 _aDEFENCE HOUSING EXECUTIVE
650 _aMINISTRY OF DEFENCE
650 _aMOD
690 _aHOUSING
942 _n0
948 _c04/03/1997
999 _c27392
_d27392